000 00587nam a22001937a 4500
003 OSt
005 20140310182001.0
008 130729t xxu||||| |||| 00| 0 eng d
020 _a0752509179
050 _aPZ 7
_b.B839 1996
082 _aKF
_bB75s 1996
100 _aBrent-Dyer, Eleonor M.
_95097
245 _aSchool stories :
_bTrials for the Chalet school ; Theodora and the Chalet school /
_cEleonor M. Brent-Dyer.
260 _aLondon :
_bParragon Book Service Ltd,
_cc1996.
300 _a316 p.
_c18 cm.
541 _j1
562 _e1
942 _2lcc
_cBK-KF
_kKF
999 _c8003
_d8003